The African language as a tool of development (Record no. 83795)
[ view plain ]
| 000 -LEADER | |
|---|---|
| fixed length control field | 00634nam a2200145 a 4500 |
| 008 - FIXED-LENGTH DATA ELEMENTS--GENERAL INFORMATION | |
| fixed length control field | 120416s1984 ||||||||||||||||| || u |
| 050 ## - LIBRARY OF CONGRESS CALL NUMBER | |
| Classification number | PL 8005 Kas |
| 100 ## - MAIN ENTRY--PERSONAL NAME | |
| Personal name | Kashoki, Mubanga E |
| 245 14 - TITLE STATEMENT | |
| Title | The African language as a tool of development |
| 260 ## - PUBLICATION, DISTRIBUTION, ETC. | |
| Place of publication, distribution, etc. | Kampala |
| Name of publisher, distributor, etc. | OAU Inter-African Bureau of Languages |
| Date of publication, distribution, etc. | 1984 |
| 300 ## - PHYSICAL DESCRIPTION | |
| Extent | 20p. |
| 350 ## - | |
| -- | 0.00 |
| 995 ## - | |
| -- | SPECIAL COLLECTIONS |
| -- | 0.00 |
| -- | 707421 |
| -- | CBU-MAIN LIBRARY (Kitwe) |
| -- | 1 |
| -- | 0.00 |
| -- | ZAM PL 8005 Kas |
| -- | 1 |
| -- | AVAILABLE |
| -- | 024323 |
| -- | Zambiana Collection |
| 995 ## - | |
| -- | SPECIAL COLLECTIONS |
| -- | 0.00 |
| -- | 707422 |
| -- | CBU-MAIN LIBRARY (Kitwe) |
| -- | 2 |
| -- | 0.00 |
| -- | ZAM PL 8005 Kas |
| -- | 2 |
| -- | AVAILABLE |
| -- | 024325 |
| -- | Zambiana Collection |
| 999 ## - | |
| -- | 83795 |
| -- | 83795 |
| Withdrawn status | Lost status | Source of classification or shelving scheme | Damaged status | Not for loan | Permanent Location | Current Location | Shelving location | Date acquired | Total Checkouts | Full call number | Barcode | Date last seen | Copy number | Price effective from | Koha item type |
|---|---|---|---|---|---|---|---|---|---|---|---|---|---|---|---|
| CBU-MAIN LIBRARY, KITWE. | CBU-MAIN LIBRARY, KITWE. | 01/08/2024 | ZAM PL 8005 Kas | 024323 | 01/08/2024 | 1 | 01/08/2024 | SPECIAL COLLECTION | |||||||
| CBU-MAIN LIBRARY, KITWE. | CBU-MAIN LIBRARY, KITWE. | 01/08/2024 | ZAM PL 8005 Kas | 024325 | 01/08/2024 | 2 | 01/08/2024 | SPECIAL COLLECTION |